Prebuduj svoj podnik už dnes, aby si uspel v ekonomike zajtrajška

Podniky a podnikanie v procese utvárania tretej vlny civilizácie. Stratégia a dezintegrácia podniku. Hlavné zmeny rozvoja organizačných štruktúr podnikov. Rast vnútornej demokracie v podnikoch.

Gespeichert in:
Bibliographische Detailangaben
1. Verfasser: Sedlák, Mikuláš
Format: Buch
Sprache:Slowakisch
Schlagworte:
Tags: Tag hinzufügen
Keine Tags, Fügen Sie das erste Tag hinzu!

MARC

LEADER 00000nam a2200000 4500
001 r030990
005 20230921082007.5
041 0 |a slo 
044 |a SK 
245 1 0 |a Prebuduj svoj podnik už dnes, aby si uspel v ekonomike zajtrajška  |c Mikuláš Sedlák 
520 |a Podniky a podnikanie v procese utvárania tretej vlny civilizácie. Stratégia a dezintegrácia podniku. Hlavné zmeny rozvoja organizačných štruktúr podnikov. Rast vnútornej demokracie v podnikoch. 
610 2 0 |a podnik 
610 2 0 |a manažéri 
610 2 0 |a manažment 
610 2 0 |a stratégia podniková 
610 2 0 |a podnikanie 
610 2 0 |a konkurencia 
100 1 |a Sedlák, Mikuláš